00445nam a2200193Ia 4500008004100000020001800041050001400059100001800073245002700091245001400118245001800132260001500150260001600165260000900181300001600190300002700206300001000233500000800243170918s9999 xx 000 0 und d a9780545446822 bH319 2009 aHarrison, Kim aOnce dead, twice shy : ba novel / cKim Harrison. aNew York : bScholastic, c2009 a232 pages : bcolored illustration ; c20cm. a750